000 00509nam a2200169 a 4500
001 000022071
005 20200930011553.0
008 100916s1945 dr 000 0 spa d
040 _aDO-SdBNP
_bspa
_cBNPHU
082 _axxx
_bF363r
100 1 _aLara Fernández, Carmen
_922283
245 1 0 _aResplandores de gloria /
_cCarmen Lara Fernández.
260 _aCiudad Trujillo, República Dominicana :
_bMontalvo,
_c1945.
300 _a138 p. ;
_c22 cm.
504 _aBibliografías : p. 133-134
049 _aBNPD
999 _c21569
_d21569